Декабрист Иван Дмитриевич Якушкин (Record no. 306926)

MARC details
000 -Лідер
fixed length control field 00726nam a22002537a 4500
001 - Контрольний номер
control field 20744
003 - Ідентифікатор контрольного номера
control field UA-OsUOA
005 - Дата та час останнього входження (трансакції)
control field 20220126124852.0
007 - Фіксоване поле фізичного опису
fixed length control field ta
008 - Елементи даних фіксованої довжини – загальна інформація
fixed length control field 20031103b un ||||| |||| 00| 0 ukr d
040 ## - Джерело каталогізації
Агенція оригінальної каталогізації UA-OsUOA
Мова каталогізації rus
Агенція, яка здійснювала перезапис UA-OsUOA
Агенція, яка здійснювала модифікацію UA-OsUOA
041 ## - Код мови
Код мови тексту/ звукової доріжки чи окремого заголовка (П) rus
044 ## - Код країни видавця/ виробника
Код країни видавця/ виробника (П) UA
080 ## - Індекс Універсальної десяткової класифікації
Індекс Універсальної десяткової класифікації (УДК) (НП) 929:32(477)
090 ## - Локальний шифр розміщення
Класифікаційний індекс УДК 929:32(477)
Авторський знак (НП) М64
100 ## - Основне введення – ім’я особи
Ім’я особи (НП) Миронова И. А.
245 ## - Відомості про назву
Назва (НП) Декабрист Иван Дмитриевич Якушкин
Решта назви (НП) книга для учащихся
260 ## - Публікація, розповсюдження і т.п. (Вихідні дані)
Місце публікації, розповсюдження і т.п. (П) Москва
Ім’я/ наймення видавництва, розповсюджувача і т.п. (П) Просвещение
Дата публікації, розповсюдження і т.п. (П) 1987
300 ## - Фізичний опис
Обсяг 108 с.
650 #7 - Додаткове предметне введення – тематичний термін
Джерело заголовка чи терміна UDC
942 ## - Додаткові елементи входу (Коха)
Тип елемента Koha Books
Source of classification or shelving scheme Universal Decimal Classification
955 ## - Код типу видання за змістом
Код типу видання за змістом (НП) інше
Holdings
Стан вилучень Стан втрат Джерело класифікації або схеми стелажів Стан уражень Не для кредиту Постійне місце розташування Поточне розміщення Дата придбання Інвентарний номер Повний номер виклику Штрих-код Дата останнього перегляду Ціна ефективна від Тип елемента Koha Усього замовленно
    Universal Decimal Classification     АБ - Абонемент НБ АБ - Абонемент НБ 02/11/2003 33662 929:32 (470) М64 33662 13/05/2022 02/11/2003 Books  
    Universal Decimal Classification     АБ - Абонемент НБ АБ - Абонемент НБ 03/11/2003 28204 929:32 (470) М64 28204 17/05/2022 03/11/2003 Books  
Withdrawn   Universal Decimal Classification     АБ - Абонемент НБ АБ - Абонемент НБ 03/11/2003 22204 929:32 (470) М64 22204 13/07/2019 03/11/2003 Books